圣经地名词典 = Sheng jing di ming ci dian = Biblical placename dictionary {ch} / (Record no. 27256)
[ view plain ]
| 000 -LEADER | |
|---|---|
| fixed length control field | 01124nam a2200277 4500 |
| 008 - FIXED-LENGTH DATA ELEMENTS--GENERAL INFORMATION | |
| fixed length control field | 060811s2002 cc ab bd 001 0 chi d |
| 020 ## - INTERNATIONAL STANDARD BOOK NUMBER | |
| International Standard Book Number | 7801095200 (平裝) |
| 020 ## - INTERNATIONAL STANDARD BOOK NUMBER | |
| International Standard Book Number | 9787801095206 |
| 041 1# - LANGUAGE CODE | |
| Language code of text/sound track or separate title | chi |
| 090 ## - LOCALLY ASSIGNED LC-TYPE CALL NUMBER (OCLC); LOCAL CALL NUMBER (OCLC) | |
| Classification number (OCLC) (R) ; Classification number, CALL (RLIN) (NR) | BS630 |
| Local cutter number (OCLC) ; Book number/undivided call number, CALL (RLIN) | B14b |
| 245 10 - TITLE STATEMENT | |
| Title | 圣经地名词典 = Sheng jing di ming ci dian = Biblical placename dictionary {ch} / |
| Statement of responsibility, etc | 白云晓编译= Bai Yunxiao bian yi= [compiled by] Bai Yunxiao. |
| 250 ## - EDITION STATEMENT | |
| Edition statement | 第 1 版. |
| 260 ## - PUBLICATION, DISTRIBUTION, ETC. (IMPRINT) | |
| Place of publication, distribution, etc | 北京 Beijing: |
| Name of publisher, distributor, etc | 中央编译出版社 Zhong yang bian yi chu ban she, |
| Date of publication, distribution, etc | 2002. |
| 300 ## - PHYSICAL DESCRIPTION | |
| Extent | 2, 21, 661 pages : |
| Other physical details | illustrations, maps ; |
| Dimensions | 21 cm. |
| 336 ## - CONTENT TYPE | |
| Source | rdacontent |
| Content Type Term | text. |
| 337 ## - MEDIA TYPE | |
| Source | rdamedia |
| Media Type Term | unmediated. |
| 338 ## - CARRIER TYPE | |
| Carrier Type Term | volume. |
| 500 ## - GENERAL NOTE | |
| General note | "本书是根据拙编《圣经新约地名词典》与《圣经舊约地名词典》修订而成的一本辞书"--序言. |
| 504 ## - BIBLIOGRAPHY, ETC. NOTE | |
| Bibliography, etc | Includes bibilographical references. |
| 630 04 - SUBJECT ADDED ENTRY--UNIFORM TITLE | |
| Uniform title | Bible |
| General subdivision | Dictionaries {ch}. |
| 630 04 - SUBJECT ADDED ENTRY--UNIFORM TITLE | |
| Uniform title | Bible |
| General subdivision | Geography |
| -- | Dictionaries {ch}. |
| 650 #4 - SUBJECT ADDED ENTRY--TOPICAL TERM | |
| Topical term or geographic name as entry element | Names, Geographical |
| Form subdivision | Dictionaries {ch}. |
| 951 ## - EQUIVALENCE OR CROSS-REFERENCE-GEOGRAPHIC NAME/AREA NAME [OBSOLETE] [CAN/MARC only] | |
| General subdivision | 00033510 |
| 700 1# - ADDED ENTRY--PERSONAL NAME | |
| Personal name | 白云晓 Bai Yunxiao |
| Relator term | 编译. |
| 942 ## - ADDED ENTRY ELEMENTS (KOHA) | |
| Source of classification or shelving scheme | Library of Congress Classification |
| Item type | Books |
| Edition | 第1版 |
| Withdrawn status | Lost status | Source of classification or shelving scheme | Damaged status | Not for loan | Home library | Current library | Shelving location | Date acquired | Inventory number | Shelving control number | Total Checkouts | Full call number | Barcode | Date last seen | Price effective from | Koha item type | Source of acquisition | Copy number |
|---|---|---|---|---|---|---|---|---|---|---|---|---|---|---|---|---|---|---|
| Library of Congress Classification | BSOP Library | BSOP Library | Reference Chinese | 12/21/2000 | C-7785 | 127 | BS 630 B47 2002 | 00033510 | 02/23/2013 | 02/23/2013 | Books | |||||||
| Library of Congress Classification | BSOP Library | BSOP Library | Reference Chinese | 07/02/2015 | C-14120 | BS 630 B47 2002 | 00046523 | 07/02/2015 | 07/02/2015 | Books | Gift - Brother Daniel | c.2 | ||||||
| Library of Congress Classification | BSOP Library | BSOP Library | Reference Chinese | 07/02/2015 | C-14121 | BS 630 B47 2002 | 00046524 | 07/02/2015 | 07/02/2015 | Books | c.3 |
